| 000 | 00812nam a2200133Ia 4500 | ||
|---|---|---|---|
| 008 | 100328s9999 xx 000 0 und d | ||
| 082 | _b72266 | ||
| 100 | _aसेवेकर सुधीर-अनु. | ||
| 245 | _aव्यक्तिमत्व विकासाचे प्रभावी मार्ग (चांगल्या सवयी चांगले वागणे) | ||
| 260 | _bसाकेत. | ||
| 630 | _aव्यक्तिमत्व विकासाचे प्रभावी मार्ग (चांगल्या सवयी चांगले वागणे) | ||
| 730 | _aव्यक्तिमत्व विकासाचे प्रभावी मार्ग (चांगल्या सवयी चांगले वागणे) | ||
| 942 | _cBOOK | ||
| 999 |
_c557988 _d557985 |
||